El Teixit / M. Isabel Casarramona i Obiols (realització de la Unitat Didàctica) ; Fermí Gómez Lecina (supervisió)
Descripción Física:
47 p. : il., [10] mostres de teixits enganxades a la contracoberta ; 24 cm
Otros Autores:
Gómez Lecina, Fermí
MARC
| LEADER | 00000nam a2200000Ia 4500 | ||
|---|---|---|---|
| 001 | 11168 | ||
| 008 | 160829s1995 xx 000 0 cat d | ||
| 080 | |a FU-4-13 | ||
| 100 | |a Casarramona i Obiols, M. Isabel |9 33394 | ||
| 245 | |a El Teixit / M. Isabel Casarramona i Obiols (realització de la Unitat Didàctica) ; Fermí Gómez Lecina (supervisió) | ||
| 260 | |a Barcelona : |b Diputació de Barcelona. Servei de Cultura, |c 1995 | ||
| 300 | |a 47 p. : |b il., [10] mostres de teixits enganxades a la contracoberta ; |c 24 cm | ||
| 590 | |a A la contraportada: Centre de Documentació i Museu Tèxtil de Terrassa, 1995 | ||
| 650 | |a Indústria tèxtil |9 37110 | ||
| 650 | 0 | |a Teixits i tèxtils |9 33396 | |
| 700 | |a Gómez Lecina, Fermí |9 33397 | ||
| 710 | 1 | |a Barcelona (Catalunya : Província). |b Servei de Cultura |9 54401 | |
| 710 | 2 | |a Museu Tèxtil de Terrassa |9 54997 | |
| 901 | |a Arxiu | ||
| 942 | |n 1 | ||
| 952 | |0 0 |1 0 |4 0 |6 FU413 |7 1 |9 46285 |a Arxiu |b Arxiu |d 2016-12-01 |l 0 |o FU-4-13 |p 11168 |r 2016-12-01 00:00:00 |w 2016-12-01 |y ARXIU | ||
| 999 | |c 49789 |d 49789 | ||